Subject catalogues: headings and structure (Record no. 1007)

MARC details
000 -LEADER
fixed length control field 00565nam a2200205Ia 4500
020 ## - INTERNATIONAL STANDARD BOOK NUMBER
ISBN 0-85365-678-9
082 ## - DEWEY DECIMAL CLASSIFICATION NUMBER
Classification number 025.47 COA-;
100 ## - MAIN ENTRY--AUTHOR NAME
Personal name Coates, E.J.
245 #0 - TITLE STATEMENT
Title Subject catalogues: headings and structure
260 ## - PUBLICATION, DISTRIBUTION, ETC. (IMPRINT)
Place of publication London
Name of publisher Library Association
Year of publication 1960
300 ## - PHYSICAL DESCRIPTION
Number of Pages 186p.
504 ## - BIBLIOGRAPHY, ETC. NOTE
Bibliography, etc Includes index
650 ## - SUBJECT ADDED ENTRY--TOPICAL TERM
Topical Term Library science
650 ## - SUBJECT ADDED ENTRY--TOPICAL TERM
Topical Term Indexing vocabularies
650 ## - SUBJECT ADDED ENTRY--TOPICAL TERM
Topical Term Catalogs, Subject - Use studies
650 ## - SUBJECT ADDED ENTRY--TOPICAL TERM
Topical Term Subject catalogs
650 ## - SUBJECT ADDED ENTRY--TOPICAL TERM
Topical Term Subject headings - Study and teaching
650 ## - SUBJECT ADDED ENTRY--TOPICAL TERM
Topical Term Information retrieval
942 ## - ADDED ENTRY ELEMENTS (KOHA)
Koha item type Books
Holdings
Withdrawn status Lost status Damaged status Not for loan Home library Current library Date acquired Bill Date Full call number Accession Number Price effective from Koha item type
        NASSDOC Library NASSDOC Library 08/06/2004 2004-10-22 025.47 COA-; 28470 18/04/2019 Books